000 00470nam a2200181Ia 4500
008 230524s9999 xx 000 0 und d
020 _a9788132212331
082 _bWET
100 _aJonathan Wetherbee
_942714
245 0 _aBegineeing EJB 3
250 _a7
260 _aNew Delhi
_bApress
_c2013
300 _a"XIX,415p;"
500 _aQuantity Number: 1
650 _aComp-Sc
700 _a"Chirag Rathod , Raghu Kodali , Peter Zadrozny"
_942715
942 _cBK
999 _c57699
_d57699